| 000 | 00336nam a2200133Ia 4500 | ||
|---|---|---|---|
| 005 | 20251222141935.0 | ||
| 008 | 251222s9999||||xx |||||||||||||| ||spa|| | ||
| 020 | _a959-13-0976-7 | ||
| 082 | _a401.9/A97 | ||
| 100 | _aAzcoaga, Juan Enrique | ||
| 245 | 0 | _aDel lenguaje al Pensamiento Verbal | |
| 264 | _bPueblo y Educación | ||
| 942 | _cLIB | ||
| 999 |
_c9167 _d9167 |
||